Statistiques concernant Les mers du monde

Cliquez ici pour prendre le quiz!

Statistiques générales

  • Ce quiz a été pris 1 409 fois
  • Le résultat moyen est 45 sur 106

Statistiques - réponses

Océan Atlantique% Correct
Mer Noire
94%
Mer Méditerranée
93%
Mer Rouge
89%
Mer du Nord
84%
Mer Caspienne
82%
Mer Baltique
78%
Mer Égée
75%
Manche
74%
Mer des Caraïbes
74%
Mer Adriatique
73%
Mer du Japon
69%
Mer Jaune
68%
Mer Morte
68%
Mer de Chine méridionale
61%
Mer Blanche
58%
Mer de Chine orientale
57%
Mer d'Arabie
56%
Mer d'Aral
56%
Mer de Béring
56%
Mer de Norvège
56%
Mer de Tasman
56%
Mer de Corail
55%
Mer d'Irlande
55%
Mer Ionienne
53%
Mer d'Azov
52%
Mer Tyrrhénienne
51%
Mer de Barents
49%
Mer de Marmara
49%
Mer des Philippines
48%
Mer du Groenland
48%
Mer de Java
46%
Mer des Sargasses
46%
Mer des Baléares
45%
Mer de Beaufort
44%
Mer de Kara
44%
Mer du Labrador
44%
Mer Celtique
43%
Mer de Baffin
42%
Mer de Sibérie orientale
42%
Mer d'Alboran
41%
Mer d'Andaman
41%
Mer de Célèbes
41%
Mer de Laptev
41%
Mer de Timor
41%
Mer Ligurienne
41%
Mer d'Argentine
39%
Mer de Botnie
39%
Mer de Sardaigne
39%
Mer d'Okhotsk
39%
Mer de Bismarck
38%
Mer de Crète
38%
Mer des Tchouktches
38%
Mer d'Iroise
38%
Mer d'Écosse
37%
Mer de Sicile
37%
Mer des Salomon
37%
Mer d'Arafura
36%
Mer de Banda
35%
Mer de Flores
35%
Mer de Libye
35%
Mer de Lincoln
35%
Mer de Ross
35%
Mer des Hébrides
35%
Mer des Moluques
35%
Mer de Thrace
35%
Mer de Davis
34%
Mer des Cosmonautes
34%
Mer de Sulu
34%
Mer de Weddell
34%
Mer de Bali
33%
Mer de l'Entente
33%
Mer de Scotia
33%
Mer des Wadden
33%
Mer de Wandel
33%
Mer de Myrto
32%
Mer de Savu
32%
Mer des Laquedives
32%
Mer d'Amundsen
31%
Mer de Lazarev
30%
Mer de Luçon
30%
Mer de Seram
30%
Mer D'Irminger
30%
Mer de Bellingshausen
29%
Mer de la Sonde
29%
Mer de Melville
29%
Mer Dumont d'Urville
29%
Mer de Bohai
28%
Mer de Bohol
28%
Mer de Mindanao
28%
Mer de Somov
28%
Mer de Mawson
27%
Mer d'Halmahera
27%
Mer du Prince Gustave-Adolphe
27%
Mer de McKinley
26%
Mer de Riiser Larsen
26%
Mer des Camotes
26%
Mer de Koro
25%
Mer intérieure de Seto
25%
Mer d'Amakusa
24%
Mer d'Ariake
24%
Mer de Haakon VII
24%
Mer de Sibuyan
24%
Mer de Visayan
24%
Mer d'Hibiki
24%
Mer d'Hyūga
23%
Mer de Yatsushiro
20%

Distribution des résultats

Percentile par nombre de réponses

% des personnes avec chaque résultat

Votre développement - résultats

Vous n’avez pas pris ce quiz